Statistics for Teams Never To Win the Champions League

Click here to take the quiz!

General Stats

  • This quiz has been taken 2,380 times
    (673 since last reset)
  • The average score is 12 of 19

Answer Stats

Runners Up In:CountryTeam% Correct
2020FranceParis Saint-Germain
96%
1974, 2014, 2016SpainAtletico Madrid
95%
2019EnglandTottenham Hotspur
89%
2006EnglandArsenal
84%
2000, 2001SpainValencia
78%
2004FranceMonaco
77%
1984ItalyRoma
72%
2002GermanyBayer Leverkusen
69%
1979SwedenMalmö FF
64%
1978BelgiumClub Brugge
62%
1957ItalyFiorentina
56%
1971GreecePanathinaikos
47%
1956, 1959FranceStade De Reims
47%
1992ItalySampdoria
46%
1966SerbiaFK Partizan
43%
1976FranceSaint Etienne
41%
1975EnglandLeeds United
40%
1977GermanyBorussia Mönchengladbach
38%
1960GermanyEintracht Frankfurt
36%

Score Distribution

Percentile by Number Answered

Percent of People with Each Score

Your Score History

You have not taken this quiz since the last reset